[Event "Joao Pessoa op"]
[Site "Joao Pessoa"]
[Date "2023.03.22"]
[Round "3"]
[White "Da Silva Miguel, Lucas Ramonn"]
[Black "Mazetto, Sergio Luiz"]
[Result "1/2-1/2"]
[WhiteElo "1814"]
[BlackElo "2066"]
[PlyCount "55"]
[EventDate "2023.03.17"]
[EventType "swiss"]
[EventRounds "6"]
[EventCountry "BRA"]
[SourceTitle "EXT 2024"]
[Source "ChessBase"]
[SourceDate "2023.10.10"]
[SourceVersion "1"]
[SourceVersionDate "2023.10.10"]
[SourceQuality "1"]

1. e4 c5 2. d3 Nc6 3. f4 g6 4. Be3 Bg7 5. c3 d6 6. Nd2 Nf6 7. h3 0-0 8. g4 Rb8 9. Bg2 Bd7 10. Ngf3 b5 11. d4 cxd4 12. cxd4 Qb6 13. Bf2 Na5 14. b3 Rbc8 15. 0-0 Rc3 16. d5 Qc7 17. Bd4 b4 18. Qe2 Rc8 19. Bxc3 bxc3 20. Rac1 Qb6+ 21. Qf2 cxd2 22. Rxc8+ Bxc8 23. Qxb6 axb6 24. Nxd2 Ne8 25. Rc1 Bd4+ 26. Kh1 Ba6 27. b4 Be3 28. Rc2 1/2-1/2

[Event "Joao Pessoa op"]
[Site "Joao Pessoa"]
[Date "2023.03.18"]
[Round "4"]
[White "Lima, Stefan Moisei Vieir"]
[Black "Da Silva Miguel, Lucas Ramonn"]
[Result "1-0"]
[WhiteElo "2007"]
[BlackElo "1814"]
[PlyCount "53"]
[EventDate "2023.03.17"]
[EventType "swiss"]
[EventRounds "6"]
[EventCountry "BRA"]
[SourceTitle "EXT 2024"]
[Source "ChessBase"]
[SourceDate "2023.10.10"]
[SourceVersion "1"]
[SourceVersionDate "2023.10.10"]
[SourceQuality "1"]

1. d4 d5 2. c4 e6 3. Nf3 Nf6 4. g3 Bb4+ 5. Bd2 a5 6. Qc2 0-0 7. Bg2 Re8 8. a3 Bf8 9. 0-0 c6 10. Bg5 Nbd7 11. Nbd2 h6 12. Bxf6 Qxf6 13. e4 dxc4 14. Nxc4 g5 15. Nfe5 Nxe5 16. dxe5 Qg7 17. f4 Bc5+ 18. Kh1 b6 19. Nd6 Rd8 20. fxg5 hxg5 21. Rxf7 Qxe5 22. Nc4 Qd4 23. Raf1 Rf8 24. Rxf8+ Bxf8 25. e5 Ba6 26. Qg6+ Bg7 27. Be4 1-0

[Event "Joao Pessoa de Assis Memorial 1st"]
[Site "Joao Pessoa"]
[Date "2019.11.16"]
[Round "4"]
[White "Vicentin, Marcos Tadeu"]
[Black "Da Silva Miguel, Lucas Ramonn"]
[Result "1-0"]
[WhiteElo "1949"]
[BlackElo "1799"]
[PlyCount "49"]
[EventDate "2019.11.15"]
[EventType "swiss"]
[EventRounds "6"]
[EventCountry "BRA"]
[SourceTitle "CBM 193 Extra"]
[Source "ChessBase"]
[SourceDate "2020.01.31"]
[SourceVersion "1"]
[SourceVersionDate "2020.01.31"]
[SourceQuality "1"]

1. e4 c5 2. Nc3 e5 3. Bc4 g6 4. d3 Bg7 5. Nd5 d6 6. Ne2 h6 7. 0-0 Ne7 8. Nec3 Nbc6 9. Be3 Be6 10. Qd2 f5 11. f4 Qd7 12. Nc7+ Qxc7 13. Bxe6 exf4 14. Bxf4 Bxc3 15. bxc3 g5 16. Bg3 f4 17. Bf2 Nd8 18. Bc4 a6 19. a4 Ng6 20. Qe2 h5 21. d4 Nf7 22. Rab1 g4 23. e5 dxe5 24. Qe4 Qc6 25. Bxf7+ 1-0

[Event "Joao Pessoa Fischer Memorial 9th"]
[Site "Joao Pessoa"]
[Date "2018.03.18"]
[Round "6"]
[White "Soares, Max Jockesi Barbosa"]
[Black "Da Silva Miguel, Lucas Ramonn"]
[Result "1-0"]
[WhiteElo "1978"]
[BlackElo "1837"]
[PlyCount "45"]
[EventDate "2018.03.16"]
[EventType "swiss"]
[EventRounds "6"]
[EventCountry "BRA"]
[SourceTitle "CBM 183 Extra"]
[Source "ChessBase"]
[SourceDate "2018.04.19"]
[SourceVersion "1"]
[SourceVersionDate "2018.04.19"]
[SourceQuality "1"]

1. e4 c5 2. Nf3 d6 3. d4 cxd4 4. Nxd4 Nf6 5. Nc3 a6 6. Be2 e5 7. Nb3 Be6 8. 0-0 Be7 9. Be3 Nbd7 10. f4 exf4 11. Bxf4 Ne5 12. Kh1 0-0 13. Qe1 b5 14. Rd1 Qb6 15. Qg3 Nfd7 16. Nd4 b4 17. Nf5 Bf6 18. Nd5 Bxd5 19. Rxd5 Kh8 20. Rxd6 Qd8 21. Rfd1 g6 22. Ne3 Qc8 23. Rxf6 1-0

[Event "Natal Potiguar-ch"]
[Site "Natal"]
[Date "2018.01.20"]
[Round "2"]
[White "De Menezes, Ricardo Fagner Dias"]
[Black "Da Silva Miguel, Lucas Ramonn"]
[Result "1-0"]
[WhiteElo "1631"]
[BlackElo "1847"]
[PlyCount "127"]
[EventDate "2018.01.19"]
[EventType "tourn"]
[EventRounds "9"]
[EventCountry "BRA"]
[SourceTitle "CBM 182 Extra"]
[Source "ChessBase"]
[SourceDate "2018.02.23"]
[SourceVersion "1"]
[SourceVersionDate "2018.02.23"]
[SourceQuality "1"]

1. d4 Nf6 2. Nf3 c5 3. e3 b6 4. g3 Bb7 5. Bg2 g5 6. 0-0 Rg8 7. c4 h5 8. d5 b5 9. b3 b4 10. Bb2 d6 11. Nbd2 e5 12. dxe6 fxe6 13. Ne1 Bxg2 14. Bxf6 Qxf6 15. Qxh5+ Kd7 16. Nxg2 Nc6 17. Rad1 Be7 18. f4 Rh8 19. Qe2 Qh6 20. Ne1 Rag8 21. Ne4 gxf4 22. exf4 Nd4 23. Qg2 Kc7 24. Nf3 Nf5 25. Rd3 e5 26. Neg5 Rg7 27. g4 exf4 28. gxf5 Bxg5 29. Kh1 Bf6 30. Qd2 Bc3 31. Rxc3 bxc3 32. Qxc3 Kb6 33. b4 Re7 34. bxc5+ dxc5 35. Rb1+ Kc6 36. Qb2 Kd7 37. Qb7+ Ke8 38. Qa8+ Kf7 39. Qd5+ Kg7 40. Rg1+ Kf8 41. Rg2 Qb6 42. Ne5 Qb1+ 43. Rg1 Rxh2+ 44. Kxh2 Rh7+ 45. Kg2 Qc2+ 46. Kf3 Rh3+ 47. Kg4 Rh4+ 48. Kg5 Rh5+ 49. Kxh5 Qh2+ 50. Kg5 Qxg1+ 51. Kxf4 Qc1+ 52. Kg3 Qe1+ 53. Kf4 Qc1+ 54. Kg4 Qg1+ 55. Kh5 Qh2+ 56. Kg5 Qg1+ 57. Ng4 Ke8 58. Qe5+ Kd7 59. f6 Qc1+ 60. Kg6 Qxc4 61. Qf5+ Kc7 62. f7 Qxa2 63. f8Q c4 64. Q8c8+ 1-0

[Event "Natal Potiguar-ch"]
[Site "Natal"]
[Date "2018.01.19"]
[Round "1"]
[White "Da Silva Miguel, Lucas Ramonn"]
[Black "Rocha, Vitor Firmo de Souz"]
[Result "0-1"]
[WhiteElo "1847"]
[BlackElo "2219"]
[PlyCount "57"]
[EventDate "2018.01.19"]
[EventType "tourn"]
[EventRounds "9"]
[EventCountry "BRA"]
[SourceTitle "CBM 182 Extra"]
[Source "ChessBase"]
[SourceDate "2018.02.23"]
[SourceVersion "1"]
[SourceVersionDate "2018.02.23"]
[SourceQuality "1"]

1. e4 c6 2. d4 d5 3. exd5 cxd5 4. Bd3 Nc6 5. c3 Nf6 6. Bf4 Bg4 7. Qb3 Qd7 8. Nd2 e6 9. Ngf3 Bd6 10. Bg3 0-0 11. 0-0 Bxg3 12. hxg3 Rab8 13. Rae1 Qc7 14. Re3 Rfc8 15. Qc2 Nb4 16. Qb1 Nxd3 17. Qxd3 b5 18. Nb3 b4 19. Nc5 Bf5 20. Qe2 Ng4 21. Na6 Qd6 22. Nxb8 Nxe3 23. Qxe3 bxc3 24. bxc3 Qxb8 25. Nh4 Bc2 26. f4 Qb2 27. f5 Qxc3 28. Qe5 exf5 29. Re1 0-1

[Event "Natal Regiion-ch sf"]
[Site "Natal"]
[Date "2017.11.03"]
[Round "4"]
[White "Da Silva Miguel, Lucas Ramonn"]
[Black "Zallio, Luciano de Souza"]
[Result "0-1"]
[WhiteElo "1827"]
[BlackElo "2246"]
[PlyCount "74"]
[EventDate "2017.11.02"]
[EventType "swiss"]
[EventRounds "7"]
[EventCountry "BRA"]
[SourceTitle "CBM 181 Extra"]
[Source "ChessBase"]
[SourceDate "2017.12.12"]
[SourceVersion "1"]
[SourceVersionDate "2017.12.12"]
[SourceQuality "1"]

1. e4 c5 2. Nf3 e6 3. d3 Nc6 4. g3 g6 5. Bg2 Bg7 6. 0-0 Nf6 7. Bg5 h6 8. Be3 d6 9. h3 0-0 10. Nbd2 b5 11. Rb1 Qc7 12. Nh2 e5 13. f4 Nh5 14. Qf3 Nb4 15. c3 Nxd3 16. f5 c4 17. Ng4 Kh7 18. h4 Bd7 19. Bh3 Qc8 20. f6 Bxf6 21. Bxh6 Bg7 22. Nf6+ Bxf6 23. Bxd7 Qxd7 24. Bxf8 Rxf8 25. Kh2 Bg7 26. b3 Qc8 27. Rfd1 Nf6 28. bxc4 bxc4 29. Nxc4 Nf2 30. Rxd6 N2g4+ 31. Kg2 Qxc4 32. Re1 Qxa2+ 33. Re2 Qc4 34. h5 Rb8 35. hxg6+ fxg6 36. Qf1 Rb1 37. Qf3 Qc5 0-1

[Event "Natal Regiion-ch sf"]
[Site "Natal"]
[Date "2017.11.02"]
[Round "2"]
[White "Da Silva Miguel, Lucas Ramonn"]
[Black "Andrade, Roberto Luiz Costa"]
[Result "0-1"]
[WhiteElo "1827"]
[BlackElo "2110"]
[PlyCount "44"]
[EventDate "2017.11.02"]
[EventType "swiss"]
[EventRounds "7"]
[EventCountry "BRA"]
[SourceTitle "CBM 181 Extra"]
[Source "ChessBase"]
[SourceDate "2017.12.12"]
[SourceVersion "1"]
[SourceVersionDate "2017.12.12"]
[SourceQuality "1"]

1. d4 Nf6 2. Nf3 c5 3. c4 cxd4 4. Nxd4 e5 5. Nb5 d5 6. cxd5 Bc5 7. g3 0-0 8. Bg2 Qb6 9. N5c3 Bxf2+ 10. Kf1 Ng4 11. Na3 Nxh2+ 12. Rxh2 Bxg3 13. Be4 Bxh2 14. Kg2 Bf4 15. Bxf4 exf4 16. Nc4 Qh6 17. Qc2 Qh3+ 18. Kg1 Qg3+ 19. Kh1 f5 20. Bg2 Rf6 21. Ne5 Rh6+ 22. Kg1 Qe3+ 0-1

[Event "Joao Pessoa Fischer Memorial 8th"]
[Site "Joao Pessoa"]
[Date "2017.03.19"]
[Round "5"]
[White "Da Silva Miguel, Lucas Ramonn"]
[Black "Dantas, Francisco"]
[Result "1-0"]
[WhiteElo "1727"]
[BlackElo "1928"]
[PlyCount "83"]
[EventDate "2017.03.17"]
[EventType "swiss"]
[EventRounds "6"]
[EventCountry "BRA"]
[SourceTitle "EXT 2018"]
[Source "ChessBase"]
[SourceDate "2017.10.13"]
[SourceVersion "1"]
[SourceVersionDate "2017.10.13"]
[SourceQuality "1"]

1. e4 c5 2. Nf3 Nc6 3. d3 g6 4. g3 Bg7 5. Bg2 d6 6. h3 Nf6 7. 0-0 0-0 8. Nbd2 Nd4 9. c3 Nxf3+ 10. Nxf3 Qc7 11. Be3 Bd7 12. Qd2 c4 13. Ne1 Bc6 14. Nc2 b6 15. Nd4 Bb7 16. Rae1 cxd3 17. Qxd3 Nd7 18. Ne2 Ne5 19. Qc2 Rac8 20. f4 Nc4 21. Bf2 Qb8 22. Kh1 Qa8 23. Rg1 Rfd8 24. Nd4 Na5 25. Qe2 Nc6 26. Nxc6 Bxc6 27. h4 Rc7 28. g4 Qc8 29. Bf3 h5 30. Rg2 hxg4 31. Bxg4 e6 32. h5 f5 33. Bf3 gxh5 34. exf5 exf5 35. Bxc6 Rxc6 36. Bd4 Rc7 37. Qxh5 Qb7 38. Qxf5 Qf3 39. Re3 Qc6 40. Rh3 Re8 41. Qh7+ Kf8 42. Bxg7+ 1-0

[Event "Joao Pessoa Fischer Memorial 8th"]
[Site "Joao Pessoa"]
[Date "2017.03.18"]
[Round "3"]
[White "Da Silva Miguel, Lucas Ramonn"]
[Black "Born, Ary"]
[Result "1-0"]
[WhiteElo "1727"]
[BlackElo "1425"]
[PlyCount "67"]
[EventDate "2017.03.17"]
[EventType "swiss"]
[EventRounds "6"]
[EventCountry "BRA"]
[SourceTitle "CBM 177 Extra"]
[Source "ChessBase"]
[SourceDate "2017.04.27"]
[SourceVersion "1"]
[SourceVersionDate "2017.04.27"]
[SourceQuality "1"]

1. g3 e6 2. Bg2 d5 3. c4 Nf6 4. Nf3 c6 5. b3 Nbd7 6. Bb2 Nb6 7. cxd5 cxd5 8. 0-0 Nbd7 9. d3 a5 10. Nc3 Bd6 11. Qc2 Ra6 12. Nb5 Bb8 13. Ba3 Rc6 14. Qd2 e5 15. Rac1 Nf8 16. h4 Ne6 17. Qb2 Qb6 18. Nc3 e4 19. Na4 Qa7 20. dxe4 dxe4 21. Rxc6 bxc6 22. Ng5 Bxg3 23. Nxe6 Bxe6 24. Bc5 Bxf2+ 25. Rxf2 Qd7 26. Nb6 Qb7 27. Rf4 Qb8 28. Rxf6 Qg3 29. Rf2 e3 30. Rf3 Qe1+ 31. Bf1 Bh3 32. Qe5+ Be6 33. Qb8+ Bc8 34. Qxc8# 1-0

[Event "Natal Potiguar-ch"]
[Site "Natal"]
[Date "2017.01.15"]
[Round "7"]
[White "Pinto, Carlos Henrique Lop"]
[Black "Da Silva Miguel, Lucas Ramonn"]
[Result "1-0"]
[WhiteElo "2136"]
[BlackElo "1600"]
[PlyCount "95"]
[EventDate "2017.01.10"]
[EventType "tourn"]
[EventRounds "11"]
[EventCountry "BRA"]
[SourceTitle "CBM 176 Extra"]
[Source "ChessBase"]
[SourceDate "2017.03.02"]
[SourceVersion "1"]
[SourceVersionDate "2017.03.02"]
[SourceQuality "1"]

1. d4 Nf6 2. c4 g6 3. Nc3 Bg7 4. e4 d6 5. h3 0-0 6. Be3 e5 7. d5 a5 8. Qd2 Na6 9. Bd3 b6 10. Nge2 Nc5 11. Bc2 Ne8 12. g4 Bd7 13. Ng3 Qc8 14. b3 c6 15. dxc6 Qxc6 16. Nd5 Qb7 17. 0-0 Bc6 18. Rad1 Rd8 19. Bg5 f6 20. Be3 Bxd5 21. Qxd5+ Qxd5 22. Rxd5 Nc7 23. Rd2 Kf7 24. Rfd1 Ke6 25. Ne2 Rf7 26. a3 Bf8 27. Nc3 Rb8 28. b4 Nd7 29. c5 bxc5 30. Bb3+ Ke7 31. Rxd6 Kd8 32. Bxf7 Bxd6 33. Rxd6 cxb4 34. axb4 axb4 35. Na4 b3 36. Nc5 b2 37. Rxd7+ Kc8 38. Ba2 Ra8 39. Bb1 Nb5 40. Kg2 Ra1 41. Bd3 Rd1 42. Rb7 b1Q 43. Bxb1 Rxb1 44. Rxh7 Nc3 45. Kf3 Rh1 46. h4 Nd1 47. h5 Rh3+ 48. Kg2 1-0

[Event "Santa Cruz Potiguar-ch"]
[Site "Santa Cruz"]
[Date "2016.12.17"]
[Round "1"]
[White "Da Silva Miguel, Lucas Ramonn"]
[Black "Jordao Barbosa, Marcio Ferre"]
[Result "0-1"]
[WhiteElo "1562"]
[BlackElo "2055"]
[PlyCount "56"]
[EventDate "2016.12.17"]
[EventType "swiss"]
[EventRounds "5"]
[EventCountry "BRA"]
[SourceTitle "CBM 176 Extra"]
[Source "ChessBase"]
[SourceDate "2017.03.02"]
[SourceVersion "1"]
[SourceVersionDate "2017.03.02"]
[SourceQuality "1"]

1. Nf3 e6 2. g3 b6 3. Bg2 Bb7 4. c4 f5 5. 0-0 Nf6 6. Nc3 Be7 7. d4 0-0 8. Bg5 Qe8 9. Bxf6 Bxf6 10. d5 Na6 11. Nd4 Bxd4 12. Qxd4 e5 13. Qd2 d6 14. e4 f4 15. f3 Qh5 16. Ne2 g5 17. Kf2 Nc5 18. Qc2 a5 19. Rh1 g4 20. gxf4 Qh4+ 21. Ke3 exf4+ 22. Kd2 Qf2 23. Rag1 Qe3+ 24. Kd1 Nd3 25. Qc3 Nf2+ 26. Kc2 Qxe2+ 27. Kb3 b5 28. Bf1 Qd1+ 0-1

[Event "Joao Pessoa Fischer Memorial 7th"]
[Site "Joao Pessoa"]
[Date "2016.03.11"]
[Round "2"]
[White "Felix, Thiago Ribeiro"]
[Black "Da Silva Miguel, Lucas Ramonn"]
[Result "1-0"]
[WhiteElo "1948"]
[BlackElo "1469"]
[PlyCount "57"]
[EventDate "2016.03.11"]
[EventType "swiss"]
[EventRounds "6"]
[EventCountry "BRA"]
[SourceTitle "CBM 171 Extra"]
[Source "ChessBase"]
[SourceDate "2016.04.26"]
[SourceVersion "1"]
[SourceVersionDate "2016.04.26"]
[SourceQuality "1"]

1. e4 d6 2. d4 Nf6 3. Nc3 g6 4. f4 Nbd7 5. Nf3 Bg7 6. e5 Ng8 7. a4 c5 8. e6 fxe6 9. Ng5 Nf8 10. dxc5 dxc5 11. Qxd8+ Kxd8 12. Nf7+ Kc7 13. Nxh8 Bxh8 14. Bc4 Nh6 15. Be3 b6 16. a5 Bb7 17. axb6+ axb6 18. Rxa8 Bxa8 19. 0-0 Nf5 20. Bf2 h5 21. Re1 Kd6 22. Rd1+ Kc7 23. Nb5+ Kc8 24. b4 Nd4 25. bxc5 bxc5 26. Nxd4 cxd4 27. Bxd4 Bxd4+ 28. Rxd4 Kc7 29. Kf2 1-0

[Event "Natal-ch"]
[Site "Natal"]
[Date "2016.02.07"]
[Round "3"]
[White "De Macedo, Luiz Soares"]
[Black "Da Silva Miguel, Lucas Ramonn"]
[Result "1-0"]
[WhiteElo "1561"]
[BlackElo "1431"]
[PlyCount "57"]
[EventDate "2016.02.06"]
[EventType "swiss"]
[EventRounds "6"]
[EventCountry "BRA"]
[SourceTitle "CBM 171 Extra"]
[Source "ChessBase"]
[SourceDate "2016.04.26"]
[SourceVersion "1"]
[SourceVersionDate "2016.04.26"]
[SourceQuality "1"]

1. e4 g6 2. Nf3 Bg7 3. Bc4 e6 4. 0-0 Ne7 5. d4 d6 6. Bg5 h6 7. Be3 0-0 8. Nc3 b6 9. Qd2 Kh7 10. Bd3 Nd7 11. Ne2 Bb7 12. Ng3 c5 13. c3 cxd4 14. cxd4 e5 15. d5 f5 16. exf5 gxf5 17. Nh5 Nxd5 18. Nxg7 Nxe3 19. Ne6 Qf6 20. fxe3 e4 21. Nfd4 exd3 22. Rxf5 Qg6 23. Raf1 Rxf5 24. Nxf5 Ne5 25. Ng3 Nc4 26. Qf2 d2 27. b3 Qg4 28. Qf7+ Qg7 29. Qxg7# 1-0